000 00608nam a2200229Ia 4500
003 OSt
005 20221007071137.0
006 a|||||r|||| 00| 0
007 ta
008 221006b |||||||| |||| 00| 0 eng d
024 _a13,177
037 _cTextual
040 _aFLL
_cFLL
_beng
041 _2eng
_aeng
082 _aV5:25:N5, K2
100 _aGoodrich Leland M.
245 0 _aEuropean convention on human rights
260 _aLeyden
_bA.W. Sythoff Leyden
_c1963
300 _a260p
_ccm.
942 _hV5:25:N5, K2
_cTEXL
_2CC
999 _c1142570
_d1142570